1047 1950 1770 1390 1005 1510 1917 1805 1072 1041 1522 1983 1681 1630 1417 1763 1646 1282 1616 1399 1296 1437 1376 1392 1780 1288 1322 1796 1559 1145 1042 1441 1621 1102 1395 1859 1411 1905 1538 1236 1730 1620 1796 1054 1841 1330 1107 1572 1494 1967 1177 1580 1121 1376 1781 1977 1137 1563 1011 1287 1817 1736 1389 1653 1983 1772 1444 1748 1836 1223 1736 1126 1796 1806 1306 1659 1712 1047 1703 1985 1319 1845 1107 1328 1716 1559 1752 1324 1375 1354 1222 1805 1408 1034 1552 1797 1775 1634 1234 BCNSPRNW ULIB Ver.6.0+V

เปลี่ยนเป็นภาษาไทย

Change to English
 แสดงรายละเอียดบรรณานุกรม
  กลับหน้าหลัก

Brief Record : Get Marc (ISO 2709) : E-mail record : QR code < ปิดหน้าต่าง
LEADER : 00000nas 2200000uu 4500
001    13399125120
003     ULIB
008    160907s||||||||th 000 0 tha d
022 0  24654809
245 00 วารสารหัวหินสุขใจไกลกังวล
310    ^aราย 6 เดือน
850 ^a ULIB^bปีที่ 3 ฉบับที่ 1 ฉ.1 ;ปีที่ 1 ฉบับที่ 1 ฉ.1 ;ปีที่ 1 ฉบับที่ 2 ฉ.1
945    ^p0^l0^i905190
945    ^p0^l0^i904065
945    ^p0^l0^i904544
999    ^aวรรณษา ชูชัยมงคล
รายการนี้ยังไม่มีแท็ก
คุณยังไม่ได้ล็อกอิน คุณสามารถมีกิจกรรมร่วมกับเว็บไซต์ได้ แต่ต้องล็อกอินก่อน ::
  ล็อกอิน

รายการสื่อสารสนเทศ (วารสาร)

ดูแบบ: กล่อง รายการ
ARRIVED
ปีที่ 1 ฉบับที่ 1 ฉ.1
สถานที่: ห้องสมุดวิทยาเขตสวรรค์ประชารักษ์ >หนังสือพิมพ์
ARRIVED
ปีที่ 1 ฉบับที่ 2 ฉ.1
สถานที่: ห้องสมุดวิทยาเขตสวรรค์ประชารักษ์ >หนังสือพิมพ์
ARRIVED
ปีที่ 3 ฉบับที่ 1 ฉ.1
สถานที่: ห้องสมุดวิทยาเขตสวรรค์ประชารักษ์ >วารสาร

BibComment


ยังไม่เคยถูกคอมเมนท์

คอมเมนท์ทรัพยากรรายการนี้
  คอมเมนท์: วารสารหัวหินสุขใจ..


 Copyright 2026. Bcnsprnw @Library